000 01999cab a2200181 4500
001 ##L134020
008 060703n2005 000 0 eng u
035 _a(Sirsi) u134020
245 0 0 _aR v Thanet District Council and Rosefarm Estates plc and Rank Group plc ex p The Noble Organisation Ltd
260 _c2005
520 _a[2005]EWCA Civ 782, 28 June 2006. Considers whether a challenge to a planning authority's decision not to require an environmental impact assessment (EIA) at the approval of reserved matters stage was as formulated an impermissible collateral challenge to two previous outline planning permissions. Appeal by N against the decision ((20040 EWHC 2576 (Admin) approving matters reserved on the grant of outline planning permission for a leisure development without requiring an EIA in respect of those matters. N had not provided an EIA with its original application for outline planning permission for a business park nor had T required one and similarly for a leisure development on part of the business park site. When N sought approval of reserved matters in respect of its proposed leisure development T had conducted a screening exercise and concluded that no EIA was need before the reserved matters were approved. N argued that the approval of reserved matters should be quashed. "Held": appeal dismissed. N's challenge as formulated was an impermissible collateral challenge to two previous outline planning permissions and the screening decision in respect of the second of them which could have been but had not been challenged by way of judicial review.
650 2 4 _aR V MANSFIELD DC EX P JONES
650 2 4 _aR V THANET DC EX P NOBLE ORGANISATION
651 4 _aEngland and Wales
_y1543-
690 _aENVIRONMENTAL AND LAND CONSULTANCY-ENVIRONMENTAL MANAGEMENT-ENVIRONMENTAL ASSESSMENT-ENVIRONMENTAL IMPACT ASSESSMENT
856 4 0 _uhttps://www.bailii.org/ew/cases/EWCA/Civ/2005/782.html
_zView the judgment free of charge at www.bailii.org...
942 _n0
999 _c77328
_d77328